The assembly of listen : jains in society
Saved in:
| Other Authors: | , |
|---|---|
| Format: | Book |
| Language: | English |
| Published: |
Cambridge; New York :
Cambridge University Press,
1991
|
| Subjects: | |
| Tags: |
Add Tag
No Tags, Be the first to tag this record!
|
MARC
| LEADER | 00000nam a2200000 i 4500 | ||
|---|---|---|---|
| 001 | 1/15554 | ||
| 008 | 980619s1991 eng d | ||
| 020 | |a 0-521-36505-8 | ||
| 035 | |l 10019870 | ||
| 040 | |a GR-MY-UA |b gre |e aacr | ||
| 041 | 0 | |a eng | |
| 082 | 0 | |a 305.6944054 | |
| 245 | 1 | 4 | |a The assembly of listen : |b jains in society / |c Edited by Michael Carrithers and Caroline Humphrey |
| 260 | |a Cambridge; New York : |b Cambridge University Press, |c 1991 | ||
| 300 | |a 328 p. | ||
| 504 | |a Includes bibliographical references and index | ||
| 650 | 0 | 0 | |a Jains |z India |x Congresses. |
| 650 | 0 | 0 | |a Jaina sociology |x Congresses. |
| 700 | 1 | |a Carrithers, Michael. |4 edt | |
| 700 | 1 | |a Humphrey, Caroline. |4 edt | |
| 852 | |a INST |b LESVOS |e 19980619 |h 305.6944054 ASS |p 005100014303 |q 005100014303 |t BK |y 0 | ||
| 901 | |a BIBL-1998-2 | ||
| 909 | |a Λ |b 044004 | ||
| 922 | |a 1ΔΩΡ |b 199602 |c ΤΚΑ | ||